Normal view
MARC view
Entry Topical Term
001 - CONTROL NUMBER
- control field: 47892
003 - CONTROL NUMBER IDENTIFIER
- control field: ARRUPE
005 - DATE AND TIME OF LATEST TRANSACTION
- control field: 20190822101152.0
008 - FIXED-LENGTH DATA ELEMENTS
- fixed length control field: 190822|| aca||aabn | a|a d
040 ## - CATALOGING SOURCE
- Original cataloging agency: ARRUPE
- Transcribing agency: ARRUPE
150 ## - HEADING--TOPICAL TERM
- Topical term or geographic name as entry element: Socialism.
- General subdivision: Collected works
670 ## - SOURCE DATA FOUND
- Source citation: Work cat.: (ARRUPE)0: Marx, Karl, 1818-1883. 47891, Karl Marx, Frederick Engels :, [1975]-<c2004 >